Lacrim discographie - Statistiques

Statistiques générales
  • Ce quiz a été pris 229 fois
  • Le résultat moyen est 28 sur 183
Statistiques - réponses
Réponse % Correct
Corleone
78%
A.W.A
64%
Barbade
57%
Gustavo Gaviria
47%
Mon glock te mettra à genoux
44%
Oh bah oui
43%
Poutine
40%
On fait pas ça
39%
Traîtres
39%
J'ai mal
36%
J'suis qu'un thug
36%
Mon frère
36%
Pocket Coffee
34%
Ripro
34%
Sablier
33%
Tout le monde veut des lovés
32%
Bracelet
31%
Brasse au max
31%
La rue
31%
Noche
31%
Pronto
31%
Reda l'égyptien
31%
Oz
30%
Boston George
28%
Colonel Carrillo
28%
Grande armée
28%
Gericault
26%
Jacques Chirac
26%
Végéta
25%
Papa Trabaja
24%
Ce soir ne sors pas
23%
Espagna
23%
Solo
23%
Sale époque
22%
Faites entrer
22%
Judy Moncada
22%
La dolce vita
22%
A.W.A 2
21%
Outro
21%
Dadinho
20%
Intocable
20%
Intro
20%
Liberté Provisoire
20%
La valise
19%
Toujours le même
19%
Tous les mêmes
19%
Un arabe à Miami
19%
Allez nique ta mère
18%
Chaos
18%
Eric Cantona
18%
J'appelle UBER
18%
Kanun
18%
Le loup d'la street
18%
Maladie
18%
Pardon...
18%
Persona Non Grata
18%
6.35
17%
Miami
17%
On l'a pas choisi
17%
Marabout
16%
Millions
16%
Adieu
15%
Jon Snow
15%
Petit jaloux
15%
Reda(Partie 2)
15%
Reda(Partie 3)
15%
Rockefeller
15%
Senor de los Gallos
15%
Bloody
14%
Carte de la vieillesse
14%
C'est ma vie
14%
Kim Jong Un
14%
La rue a ses dibants
14%
On se reverra
14%
Penelope Cruz
14%
Pour de vrai
14%
2 Pac
13%
Billets en l'air
13%
Dolce vita
13%
Veux-tu ?
13%
West Coast
13%
C' nous
12%
Combien et qui?
12%
Freestyle
12%
Génération tarée
12%
Jack's music
12%
Kounti
12%
Laisse-les
12%
Ocean Drive
12%
Rafa & Carlos
12%
Red Zone
12%
RIO
12%
Zizou
12%
Mon fils
11%
P38 Special
11%
Voyous
11%
El professor
10%
Granada
10%
L'immortale
10%
Mode S
10%
Nipsey Hussle
10%
RS6
10%
S'il vous plaît
10%
Sta iv
10%
Strike
10%
Tristi
10%
20 bouteilles
9%
Dracula
9%
My life
9%
Nuit blanche
9%
On s'nique
9%
On y est
9%
Partis de rien
9%
Patrizia
9%
Prêt
9%
Sale époque part 2
9%
Tulum
9%
Y a R
9%
American Gangster
8%
Audemars Piguet
8%
Casa
8%
Cohiba
8%
Corleone (remix)
8%
Fugazi
8%
J'ai faim
8%
Je suis ton père
8%
Money
8%
OTF
8%
Picasso
8%
Pourquoi j'aime pas la France
8%
Qu'un homme et fier de l'être
8%
RM
8%
Solitaire
8%
Viens je t'emméne
8%
100 barres ou 10 piges
7%
Adjida
7%
Big Meech
7%
Ca paie pas
7%
Imbattable
7%
J'essaie
7%
Le coeur a mal
7%
Le petit Nicolas
7%
Les amis
7%
Never Personal
7%
Pause
7%
Spartiate
7%
Vis tes rêves
7%
Wild boy remix
7%
3dabi
6%
Dos en or
6%
Jvlius
6%
Kadyrov
6%
Puerto rico
6%
Sam & Driss
6%
Sors ton portable
6%
A bout de souffle
5%
Ca rigole pas
5%
La mentale
5%
Eprouvé
5%
Et ouais mon pote
5%
Histoire de
5%
La cour des grands
5%
Les temps changent
5%
Mythone pas
5%
Offshore
5%
Partir à belize
5%
Radeau de la méduse
5%
T'es pas prêt
5%
Vory V Zakone
5%
Grillé d'office
4%
Je viens de ...
4%
En la Calle
4%
London Blues
4%
Pardon mama
4%
Sur ma mère
4%
T-max music
4%
Tootsie's
4%
Trabaja
4%
26 décembre 1999
3%
Du papier
3%
Ca débite
1%
Aucun quiz correspondant
Distribution des résultats
% des personnes avec chaque résultat
Percentile par nombre de réponses
Votre historique - résultats
Vous n’avez pas pris ce quiz